Propuesta del plan de mejora de métodos de trabajo en la línea de producción puré de coco para la empresa Sol Orgánica, S.A
Este estudio está orientado a la creación de una propuesta del plan de mejora de métodos de trabajo en la línea de producción puré de coco para la empresa Sol Orgánica S, A. para analizar sus operaciones, diseño y simplificación del trabajo contribuyendo al desarrollo de la empresa....
| Main Authors: | , , |
|---|---|
| Other Authors: | |
| Format: | Tesis Section = Libro |
| Language: | Undetermined Spanish |
| Published: |
Managua
UNI
2022
|
| Subjects: |
| LEADER | 01275nam a2200289Ia 4500 | ||
|---|---|---|---|
| 008 | 240830s9999 xx 000 0 und d | ||
| 040 | |a BIBLIOTECA-RUPAP/ Mon 658.542 G216 | ||
| 041 | |a spa | ||
| 082 | |a Mon 658.542 G216 | ||
| 100 | 1 | |a García Martínez, Ingris Guadalupe | |
| 100 | 1 | |b Rojas Bravo, Leyla Bedzali | |
| 100 | 1 | |c Nuesí Solís, Milady Dayaris | |
| 245 | 1 | 0 | |a Propuesta del plan de mejora de métodos de trabajo en la línea de producción puré de coco para la empresa Sol Orgánica, S.A |
| 260 | |a Managua |b UNI |c 2022 | ||
| 300 | |a 86 p. :il. | ||
| 500 | |a Contiene: anexos y CD. | ||
| 502 | |a Tesis (Ingeniero Industrial) - UNI, 2022. | ||
| 520 | 3 | |a Este estudio está orientado a la creación de una propuesta del plan de mejora de métodos de trabajo en la línea de producción puré de coco para la empresa Sol Orgánica S, A. para analizar sus operaciones, diseño y simplificación del trabajo contribuyendo al desarrollo de la empresa. | |
| 650 | 7 | |a PRODUCTIVIDAD DEL TRABAJO | |
| 650 | 7 | |b ESTUDIO DEL TRABAJO | |
| 650 | 7 | |c ESTUDIOS DE METODOS | |
| 650 | 7 | |d PLANIFICACION ESTRATEGICA | |
| 650 | 7 | |e DESCRIPCION DE CARGOS | |
| 700 | 1 | |a Tutor: |b Reyes Gómez, Arlen Patricia | |
| 942 | |c BK |2 ddc | ||
| 991 | |a Tesis | ||
| 999 | |c 27669 | ||